00582nam a2200205Ia 4500003000400000005001700004008004100021020001500062040001800077041000800095082002000103100002000123245005700143250001200200260005100212300003000263650002300293650003700316650002300353OSt20240924101302.0210716s1977 xx 000 0 und d a0060407824 cAIMIT LIBRARY aeng a381.3 21bBLUM aBlum, Milton L. aPsychology and consumer affairs /cBy Milton L Blum. a1st ed. aNew York :bHarper and Row publishers ,c1977. axiii,317p. ;bPBc24.3 cm aResearch as a tool aPsychology and consumer affairs. aThere a better way